Efektíívnosť vládnych výdavkov z pohľadu technologických inovácií a dopad na akciové trhy diplomová práca

Salvato in:
Dettagli Bibliografici
Autore principale: Pavlov, Marek
Ente Autore: Národohospodárska fakulta EU. Katedra bankovníctva a medzinárodných financií
Altri autori: Chovancová, Božena
Natura: Libro
Lingua:slovacco
Pubblicazione: Bratislava 2019
Tags: Aggiungi Tag
Nessun Tag, puoi essere il primo ad aggiungerne!!

MARC

LEADER 00000nbm a2200000 4500
001 0254951
005 20190814143303.4
041 0 |a slo 
044 |a SK 
245 1 0 |a Efektíívnosť vládnych výdavkov z pohľadu technologických inovácií a dopad na akciové trhy  |b diplomová práca  |c Marek Pavlov ; školiteľ: Božena Chovancová 
264 1 |a Bratislava  |c 2019 
300 |a 75 s. 
100 1 |a Pavlov, Marek 
700 1 |a Chovancová, Božena 
710 2 |a Národohospodárska fakulta EU. Katedra bankovníctva a medzinárodných financií